Varga Tamás élete és munkássága

Elmentve itt :
Bibliográfiai részletek
Szerző: Kiss Attiláné
További közreműködők: Bonifert Domonkos (Témavezető)
Dokumentumtípus: Szakdolgozat
Megjelent: 1998
Tárgyszavak:
Online Access:http://diploma.bibl.u-szeged.hu/122218
LEADER 00652nta a2200193 i 4500
001 dipl122218
005 20220225101440.0
008 220211s1998 hu om 0|| hun d
040 |a SZTE Diploma Repozitórium  |b hun 
041 |a hun 
100 1 |a Kiss Attiláné 
245 1 0 |a Varga Tamás élete és munkássága  |h [elektronikus dokumentum] /  |c Attiláné Kiss 
260 |c 1998 
650 4 |a Pedagógusképzés 
650 4 |a Natural sciences 
650 4 |a Mathematics 
650 4 |a Pure mathematics, applied mathematics 
700 1 |a Bonifert Domonkos  |e ths 
856 4 0 |u http://diploma.bibl.u-szeged.hu/id/eprint/122218/1/1998_kiss_attilane.pdf  |z Dokumentum-elérés